| 000 | 00807nam a2200229 a 4500 | ||
|---|---|---|---|
| 001 | 000009518 | ||
| 005 | 20240530073911.0 | ||
| 008 | 090930s2005 dr r 001 f spa d | ||
| 020 | _a9993449326 | ||
| 040 |
_aDO-SdBNP _bspa _cBNPHU |
||
| 082 |
_aRD863.44 _bA185d |
||
| 100 | 1 |
_aAcosta Polanco, José Alberto, _d1964- _924339 |
|
| 245 | 1 | 4 |
_aLos derrotados huyen a París / _cJosé Alberto Acosta Polanco. |
| 260 |
_aSanto Domingo : _bEditora Nacional, _c2005. |
||
| 300 |
_a118 p. ; _c23 cm. |
||
| 500 | _aIncluye datos biográficos del autor en la solapa de la cubierta. | ||
| 586 | _aPremio Anual de Cuento José Ramón Lopéz, 2005 | ||
| 590 | _aInventariado, 2019 / DG | ||
| 650 | 0 |
_aNovela dominicana _9223 |
|
| 650 | 0 |
_aLiteratura dominicana. _967 |
|
| 910 | _aValidado. Control de calidad. MMOLINA | ||
| 999 |
_c9278 _d9278 |
||